000 00645nam a2200277Ia 4500
005 20260324141726.0
008 008 260324s9999 xx 000 0 eng d
020 _a9780080938479
037 _aEBOOK
040 _aCRL
040 _beng
040 _cCRL
041 _2eng
041 _aeng
084 _qCRL
100 _aPaul Burns; Peter Morris
_91209281
245 0 _aPocket Guide to Business Finance
260 _bTaylor and Francis
260 _c1996
365 _a
365 _b230
856 _uhttp://www.taylorfrancis.com/books/9780080938479
942 _cEBOOK
999 _c1812667
_d1812667